Statistics for Florida Panthers Records

Click here to take the quiz!

General Stats

  • This quiz has been taken 72 times
  • The average score is 5 of 19

Answer Stats

HintAnswer% Correct
Most Games Played as a Goaltender108Roberto Luongo
74%
Most Goals160Olli Jokinen
67%
Most Goals Scored by a Player in a Season59Pavel Bure
67%
(Team Record) Conference Wins1
62%
(Team Record) Divison Wins1
62%
(Team Record) Most Wins in a Season'0043
36%
Most Powerplay Goals66Scott Mellanby
33%
(Team Record) Least Wins in a Season'Twice '01, '0222
31%
Most Games Played614Stephen Weiss
21%
Most Penalty Minutes1702Paul Laus
18%
Most Penalty Minutes by a Player in a Season354Peter Worrell
16%
Most Assists by a Player in a Season53Viktor Kozlov
13%
(Team Record) Least Goals Against in a Season'97201
7%
Most Shorthanded Goals12Tom Fitzgerald
7%
(Team Record) Most Goals For in a Season'96254
2%
(Team Record) Most Goals Against in a SeasonTwice '06, '07257
2%
Best +/-34Martin Gelinas
2%
(Team Record) Most Penalty Minutes in a Season'981676
0%
(Team Record) Least Goals For in a Season'03176
0%

Score Distribution

Percentile by Number Answered

Percent of People with Each Score

Your Score History

You have not taken this quiz